000 01026nam2a2200277 4500
001 RU\NLR\bibl\1779752
005 20250616134322.0
010 _a978-5-699-48120-0
_93000
021 _aRU
_b2011-30435
_9222д/11
035 _a(NLR Aleph) 001770509
090 _a1634890
_c1634890
100 _a20110614d2011 |||y0rusy50 ca
101 1 _arus
_ceng
102 _aRU
105 _ay |||||||||
200 1 _aПоследний довод королей
_f[пер. с англ. В. Дьяковой]
210 _d2011
_aБ. м.
215 _a699, [1] с.
461 0 _1001RU\NLR\bibl\1388309
_12001#$aПервый закон$vКн. 3
_91098152
_aАберкромби, Д. (1974-)
_cМосква
_d2008
_fДжо Аберкромби
_nЭксмо
_tПервый закон
_vКн. 3
517 1 _6z45790
_aПоследний довод королей
790 1 _6z45517
_aАберкомбри
_bД.
_gДжо
_4070
801 0 _aRU
_bNLR
_c20110614
_gRCR
801 1 _aRU
_bNLR
_c20110614
942 _cBOOK
980 _aNB